Artic Ocean : Exploring and Mapping the Seafloor /

Salvato in:
Dettagli Bibliografici
Autore principale: Garver, John B. (autor)
Altri autori: Garrett, Wilbur E. (edición) (edición)
Natura: Mappa
Pubblicazione: Washington, EUA : National Geographic Society, 1989, c1989
Serie:(World Ocean Floors)
Soggetti:
Tags: Aggiungi Tag
Nessun Tag, puoi essere il primo ad aggiungerne!!

MARC

LEADER 00000nem^a2200000^a^4500
001 000131857
005 20250521000000.0
009 20260310095037.342
037 |a Acervo ITESO - Biblioteca 
041 |a GRA 
082 |a 912. 98  |b ART 
100 |a Garver, John B.  |e (autor) 
245 1 0 |a Artic Ocean :  |b Exploring and Mapping the Seafloor /  |c J.B. Garver ; ed. de W.E. Garrett. 
255 |a Escala 1 : 10 140 000 
264 4 |a Washington, EUA :  |b National Geographic Society,  |c 1989, c1989 
300 |a 1 mapa 
336 |a imagen cartográfica estática  |b cri  |2 rdacontenido 
337 |a sin mediación  |b n  |2 rdamedio 
338 |a mapa  |b nz  |2 rdasoporte 
440 1 |a (World Ocean Floors) 
546 |a Edición gráfica con texto en inglés 
649 |a XX 
650 |a Mar -  |x Fondo -  |x Mapas 
650 |a Polo Norte -  |x Mapas 
650 |a Regiones Polares -  |x Mapas 
650 |a Océano Atlántico -  |x Mapas 
650 |a Cartografía -  |x Océano Atlántico 
650 |a Cartografía -  |z Polo Norte 
650 |a Geografía -  |x Océano Atlántico 
650 |a Geografía -  |z Polo Norte 
740 0 |a Atlantic Ocean :  |b Diving into our Past /  |c J.B. Garver ; ed. de W.E. Garrett. 
700 |a Garrett, Wilbur E.  |e (edición) 
910 |a Fondo General 
920 |a Gráficos - Mapas 
905 |a 503 
901 |a 0500061138  |b IT2  |c MAP  |u 20250521 
902 |a https://opac.biblio.iteso.mx/vufind/Record/000131857